Špecifické problémy tvorby opravných položiek k finančnému majetku a tvorby rezerv k podsúvahovým záväzkom v bankách

Banky so sídlom na území SR sú podľa zákona o účtovníctve povinné od 1.1.2006 viesť svoje účtovníctvo tak, aby informácie prezentované v ich účtovných závierkách boli v súlade s medzinárodnými účtovnými štandardami IFRS. Okrem toho musia rešpektovať aj ustanovenia národných právnych noriem. Banky sú...

Full description

Saved in:
Bibliographic Details
Main Author: Kadlečíková, Oľga, 1973-
Other Authors: Boušková, Dagmar
Format: Book Chapter
Language:Slovak
Subjects:
Tags: Add Tag
No Tags, Be the first to tag this record!

MARC

LEADER 00000naa$a2200000$$$4500
001 0047637
005 20240502083126.5
041 0 |a slo 
044 |a CZ 
245 1 0 |a Špecifické problémy tvorby opravných položiek k finančnému majetku a tvorby rezerv k podsúvahovým záväzkom v bankách 
520 |a Banky so sídlom na území SR sú podľa zákona o účtovníctve povinné od 1.1.2006 viesť svoje účtovníctvo tak, aby informácie prezentované v ich účtovných závierkách boli v súlade s medzinárodnými účtovnými štandardami IFRS. Okrem toho musia rešpektovať aj ustanovenia národných právnych noriem. Banky sú pri uskutočňovaní svojej podnikateľskej činnosti vystavené mnohým rizikám. Je dôležité, aby všetky predpokladané riziká, straty a zníženia hodnoty, ktoré sa týkajú ich majetku a záväzkov zohľadnili ku dňu, ku ktorému zostavujú účtovnú závierku. 
610 2 0 |a banky 
610 2 0 |a majetok finančný 
610 2 0 |a položky opravné 
610 2 0 |a ochrana majetku 
610 2 0 |a riziko bankové 
610 2 0 |a riziko finančné 
610 2 0 |a závierka účtovná 
610 2 0 |a úpravy právne 
100 1 |a Kadlečíková, Oľga, 1973- 
700 1 |a Boušková, Dagmar